000 01111cam a2200373 a 4500
001 6017
003 FISKH
005 20250221093818.0
008 980902s1998 maua 000 0 eng
010 _a 98065411
020 _a0316115703 (hc)
020 _a0316115711 (pb)
020 _a9780316122184
040 _aDLC
_cDLC
_beng
_dFISKH
050 _a PZ7.B81618 M
082 _a823.914
100 1 _aBrown, Marc Tolon
_d(1946–)
245 1 4 _aThe mystery of the stolen bike /
_cMarc Brown
250 _aThis edition first published in 1998
260 _aNew York :
_bLittle brown,
_c1998.
300 _a59 pages ;
_billustrations ;
_c20 cm.
490 1 _aA Marc Brown Arthur chapter book ; 8
505 _aJ
520 _a9780316122184
521 8 _a440
_bLexile
521 8 _aJ
_bRaz-Plus
650 1 _aAardvarks
_vFiction.
650 1 _aMammals
_vFiction.
650 1 _aBicycles and bicycling
_vFiction.
800 1 _aBrown, Marc Tolon.
_tMarc Brown Arthur chapter book ;
_v8.
906 _a7
_bcbc
_corignew
_d2
_eopcn
_f19
_gy-gencatlg
942 _2ddc
_cBK
_n0
999 _c6017
_d6017